000 00536cam a22001337a 4500
008 180718b2010 xxu||||| |||| 00| 0 eng d
082 _aAPPPA 2009-10/BAL
100 _aBal. P. P. S.
245 _aOutsourcing military logistics: a study on feasibility of logistics outsourcing in the Indian army
_cby P. P. S. Bal
260 _aNew Delhi
_bIndian Institute of Public Administration
_c2010
300 _a101p.
500 _aAn APPPA M.Phil dissertation, 2009-10 (Guide: Prof. Pranab Banerji)
650 _aArmy equipments and supply -India
999 _c501994
_d501994